00571nas a22002057a 4500003000400000005001700004008004100021022002200062040000800084245005800092260003800150300001700188310001400205650002200219650002300241650002400264856005100288942001100339999001500350IIN20251211130106.0251211c2019 |||gr|p ||| 00| 0 eng d a2582-001X (eISSN) aIIN aJournal of Nursing Research, Education and Management aUttar PradeshbMAT Journalsc2019 avol. 1 no. 1 aBi-annual aNursingxResearch aNursingxEducation aNursingxManagement uhttp://matjournals.co.in/index.php/JNREM/index cSERs1 c1884d1884